| 000 | 00547nam a2200145Ia 4500 | ||
|---|---|---|---|
| 008 | 151213s9999 xx 000 0 und d | ||
| 100 | _aবার্ট্রান্ড রাসেল। | ||
| 245 |
_aদর্শনের সমস্যা। _cবার্ট্রান্ড রাসেল। |
||
| 260 |
_aঢাকা _bবাংলা একাডেমী।১৯৮৬ |
||
| 300 | _a8773 p. | ||
| 650 | _aBangla | ||
| 650 | _aসাহিত্য | ||
| 700 | _aবার্ট্রান্ড রাসেল। | ||
| 999 |
_c4558 _d4558 |
||